00529nam a2200133Ia 4500008004100000100002200041245009000063260004400153300001800197650001900215856006900234999001900303952007300322160712s9999 xx 000 0 und d aCunanan, Farah C. cFarah C. CunananaSurvey of works on Philippine languages written by Chinese authors. c2014bPhilippine Social Sciences Review avol. 66 no. 2 xSOCIAL SCIENCE uhttp://journals.upd.edu.ph/index.php/pssr/issue/view/479/showToc c297251d297251 001040aCLbCLd2016-07-12l0r2016-07-12 00:00:00w2016-07-12yFEJ